|
|
|
|
| LEADER |
00699nam a22001932a 4500 |
| 001 |
000129264 |
| 003 |
CZ BrMZK |
| 005 |
20021002091007.0 |
| 007 |
ta |
| 008 |
010907s1973 xr f cze d |
| 040 |
|
|
|a BOA001
|b cze
|c BOA001
|
| 100 |
1 |
|
|a Štarha, Ivan,
|d 1935-2022
|7 jk01131086
|4 aut
|
| 245 |
1 |
0 |
|a Správní vývoj obcí Jihomoravského kraje v letech 1850-1971 /
|c Ivan Štarha
|
| 260 |
|
|
|a Brno :
|b Státní archiv,
|c 1973
|
| 300 |
|
|
|a 275 s.
|
| 910 |
|
|
|a BOA001
|b 4-0707.674
|
| 990 |
|
|
|a BK
|
| 996 |
7 |
|
|b 2619913773
|c 4-0707.674
|l MZK
|r Sklad / do 1 hodiny
|n 29
|w 000129264
|u 000020
|a 1
|e BOA001
|j MZK50
|s A
|
| 996 |
6 |
|
|b 2619973725
|c 4-0707.674
|l MZK
|r Sklad / do 1 hodiny
|n 21
|w 000129264
|u 000010
|a 1
|e BOA001
|j MZK50
|s P
|